[Event "Mexican op 69th"]
[Site "Mexico City"]
[Date "2024.03.27"]
[Round "2"]
[White "Martinez Alcantara, Jose Eduardo"]
[Black "Zacarias Rodriguez, Santiago"]
[Result "1-0"]
[WhiteElo "2603"]
[BlackElo "2137"]
[PlyCount "55"]
[EventDate "2024.03.26"]
[EventType "swiss"]
[EventRounds "9"]
[EventCountry "MEX"]
[SourceTitle "CB14_2024"]
[SourceDate "2024.04.01"]
[SourceVersion "1"]
[SourceVersionDate "2024.04.01"]
[SourceQuality "1"]

1. e4 c5 2. Nf3 Nc6 3. c3 Nf6 4. e5 Nd5 5. Bc4 Nb6 6. Bb3 c4 7. Bc2 d6 8. exd6 Qxd6 9. 0-0 Bg4 10. h3 Bh5 11. Re1 e6 12. Na3 Be7 13. Qe2 0-0 14. Nxc4 Nxc4 15. Qxc4 Bxf3 16. gxf3 e5 17. f4 exf4 18. d4 Qf6 19. Qd3 g6 20. Qf3 Bd6 21. Bd2 Ne7 22. Re4 g5 23. Rae1 Ng6 24. Qh5 Kg7 25. c4 Qd8 26. Bc3 Kg8 27. d5 Qd7 28. Qh6 1-0

[Event "Carlos Torre Memorial op 33rd"]
[Site "Merida"]
[Date "2023.12.17"]
[Round "5"]
[White "Herrera, Aguilar Rene Alexi"]
[Black "Zacarias Rodriguez, Santiago"]
[Result "0-1"]
[WhiteElo "2076"]
[BlackElo "2133"]
[PlyCount "78"]
[EventDate "2023.12.15"]
[EventType "swiss"]
[EventRounds "9"]
[EventCountry "MEX"]
[SourceTitle "CB52_2023"]
[SourceDate "2023.12.27"]
[SourceVersion "1"]
[SourceVersionDate "2023.12.27"]
[SourceQuality "1"]

1. e4 c5 2. Nf3 Nc6 3. Bb5 g6 4. Bxc6 dxc6 5. d3 Bg7 6. h3 Nf6 7. Nc3 Nd7 8. Be3 e5 9. Qd2 h6 10. 0-0 b6 11. Nh2 Nf8 12. f4 exf4 13. Bxf4 Ne6 14. Bg3 Qg5 15. Qe1 Nd4 16. Nf3 Qe7 17. Nxd4 Bxd4+ 18. Kh1 Be6 19. e5 Bxc3 20. Qxc3 Qd7 21. a3 g5 22. Rf6 0-0-0 23. b4 cxb4 24. axb4 h5 25. Qa3 Kb8 26. Bf2 Qc7 27. Qb2 h4 28. d4 g4 29. hxg4 Rdg8 30. Rf4 h3 31. Kh2 hxg2+ 32. Kxg2 Bxg4 33. Bg3 Be6 34. Kf2 Rh3 35. Rg1 Qd8 36. Qc3 Qg5 37. Qe3 Qh5 38. Ke1 Qg6 39. d5 cxd5 0-1

[Event "Wch U16"]
[Site "Montesilvano"]
[Date "2023.11.13"]
[Round "1"]
[White "Miron, Iurii"]
[Black "Zacarias Rodriguez, Santiago"]
[Result "1-0"]
[WhiteElo "1861"]
[BlackElo "2262"]
[PlyCount "71"]
[EventDate "2023.11.13"]
[EventType "swiss"]
[EventRounds "11"]
[EventCountry "ITA"]
[SourceTitle "CB48_2023"]
[SourceDate "2023.11.29"]
[SourceVersion "1"]
[SourceVersionDate "2023.11.29"]
[SourceQuality "1"]

1. d4 Nf6 2. c4 e6 3. Nc3 Bb4 4. e3 0-0 5. Bd2 b6 6. Bd3 Bb7 7. Nf3 d5 8. cxd5 exd5 9. Rc1 a6 10. 0-0 Nbd7 11. Ne5 Nxe5 12. dxe5 Nd7 13. f4 Nc5 14. Bc2 d4 15. Na4 Bxd2 16. Qxd2 Nxa4 17. Bxa4 dxe3 18. Qxe3 c5 19. Rcd1 Qh4 20. Rd7 Rab8 21. h3 Bc8 22. Rd6 Bf5 23. Bc6 Rfd8 24. g4 Be6 25. f5 Bc4 26. Rfd1 Rxd6 27. exd6 Rd8 28. Kg2 Bb5 29. Bxb5 axb5 30. Qe7 Qf6 31. g5 Qxb2+ 32. Kg1 Ra8 33. d7 h5 34. Qe8+ Rxe8 35. dxe8Q+ Kh7 36. Qxf7 1-0

[Event "Wch U20 60th"]
[Site "Mexico City"]
[Date "2023.09.25"]
[Round "5"]
[White "Kanyamarala, Tarun"]
[Black "Zacarias Rodriguez, Santiago"]
[Result "0-1"]
[WhiteElo "2329"]
[BlackElo "2100"]
[PlyCount "66"]
[EventDate "2023.09.21"]
[EventType "swiss"]
[EventRounds "11"]
[EventCountry "MEX"]
[SourceTitle "EXT 2024"]
[Source "ChessBase"]
[SourceDate "2023.10.10"]
[SourceVersion "1"]
[SourceVersionDate "2023.10.10"]
[SourceQuality "1"]

1. d4 Nf6 2. Nf3 e6 3. Bf4 d5 4. e3 Bd6 5. Ne5 0-0 6. Nd2 c5 7. c3 Qc7 8. Bd3 b6 9. h4 Nc6 10. Nxc6 Bxf4 11. exf4 Qxc6 12. h5 Qd6 13. h6 g6 14. dxc5 bxc5 15. Qf3 Rb8 16. Rb1 e5 17. fxe5 Qxe5+ 18. Kf1 Re8 19. g3 Bg4 20. Qf4 Qxf4 21. gxf4 c4 22. Bc2 Re2 23. Rd1 Rxb2 24. f3 Bxf3 25. Nxf3 Rexc2 26. Nd4 Rxc3 27. Rh4 Rd3 28. Rxd3 cxd3 29. Rh3 Rb1+ 30. Kg2 d2 31. Rc3 Kf8 32. Rc8+ Ke7 33. Rc7+ Nd7 0-1

[Event "Carlos Torre Memorial op 32nd"]
[Site "Merida"]
[Date "2022.12.17"]
[Round "2"]
[White "Quesada Perez, Luis Ernesto"]
[Black "Zacarias Rodriguez, Santiago"]
[Result "1-0"]
[WhiteElo "2552"]
[BlackElo "2098"]
[PlyCount "49"]
[EventDate "2022.12.16"]
[EventType "swiss"]
[EventRounds "9"]
[EventCountry "MEX"]
[SourceTitle "CBM 212 Extra"]
[Source "ChessBase"]
[SourceDate "2023.03.31"]
[SourceVersion "1"]
[SourceVersionDate "2023.03.31"]
[SourceQuality "1"]

1. d4 Nf6 2. c4 c5 3. d5 g6 4. Nc3 Bg7 5. e4 d6 6. Be2 0-0 7. Bg5 h6 8. Bf4 Nbd7 9. Qd2 Kh7 10. Nf3 Ne8 11. 0-0 Ne5 12. Rfe1 a6 13. Nxe5 dxe5 14. Be3 Qc7 15. Na4 Nd6 16. f3 f5 17. Nxc5 b6 18. Na4 fxe4 19. Nxb6 Rb8 20. c5 exf3 21. cxd6 exd6 22. Rac1 Qd8 23. Rxc8 Rxc8 24. Nxc8 fxe2 25. Nb6 1-0

[Event "World ol U16"]
[Site "Nakhchivan"]
[Date "2022.10.03"]
[Round "2.3"]
[White "Zacarias Rodriguez, Santiago"]
[Black "Harshad, S."]
[Result "1/2-1/2"]
[WhiteElo "2091"]
[BlackElo "2218"]
[PlyCount "130"]
[EventDate "2022.10.02"]
[EventType "team-swiss"]
[EventRounds "9"]
[EventCountry "AZE"]
[SourceTitle "CBM 210 Extra"]
[Source "ChessBase"]
[SourceDate "2022.11.30"]
[SourceVersion "1"]
[SourceVersionDate "2022.11.30"]
[SourceQuality "1"]
[WhiteTeam "Mexico"]
[BlackTeam "India"]
[WhiteTeamCountry "MEX"]
[BlackTeamCountry "IND"]

1. e4 c5 2. Nf3 d6 3. d4 cxd4 4. Nxd4 Nf6 5. Nc3 a6 6. Be2 e5 7. Nf3 Be7 8. Bg5 Be6 9. Bxf6 Bxf6 10. 0-0 0-0 11. Nd5 Nd7 12. Bc4 Rc8 13. Qe2 Nb6 14. Nxb6 Qxb6 15. Bb3 Rc5 16. Rfd1 Rfc8 17. Rd2 a5 18. Bxe6 fxe6 19. c3 Qc6 20. Rad1 Be7 21. Rd3 a4 22. a3 Rf8 23. Nd2 Rf6 24. Rf3 Qb5 25. c4 Qe8 26. Rxf6 Bxf6 27. Nb1 Be7 28. Nc3 Bf8 29. Nb1 Qc8 30. Nd2 g6 31. h4 Bh6 32. h5 Kg7 33. hxg6 hxg6 34. g3 Qc6 35. b4 axb3 36. Nxb3 Rxc4 37. Rxd6 Rc1+ 38. Nxc1 Qxd6 39. Nd3 Qxa3 40. Qc2 Qd6 41. Qc3 Kf6 42. f4 Qd4+ 43. Qxd4 exd4 44. Kf2 g5 45. Kf3 gxf4 46. gxf4 b5 47. Nc5 b4 48. Nb3 d3 49. e5+ Kf5 50. Nd4+ Kg6 51. Ke3 Bxf4+ 52. Kxd3 Kf7 53. Kc4 Bd2 54. Nc6 Kg6 55. Nd4 Kf7 56. Nc6 Be1 57. Nxb4 Bxb4 58. Kxb4 Kg6 59. Kc5 Kg5 60. Kd4 Kf5 61. Kd3 Kf4 62. Kd4 Kf3 63. Kd3 Kf4 64. Kd4 Kf5 65. Kd3 Kxe5 1/2-1/2

[Event "Pan American-ch U12"]
[Site "Guayaquil"]
[Date "2019.07.27"]
[Round "9"]
[White "Barja Viveros, Matias Ariel"]
[Black "Zacarias Rodriguez, Santiago"]
[Result "0-1"]
[WhiteElo "1528"]
[BlackElo "1768"]
[PlyCount "51"]
[EventDate "2019.07.21"]
[EventType "swiss"]
[EventRounds "9"]
[EventCountry "ECU"]
[SourceTitle "EXT 2020"]
[Source "ChessBase"]
[SourceDate "2019.10.17"]
[SourceVersion "1"]
[SourceVersionDate "2019.10.17"]
[SourceQuality "1"]

1. e4 c5 2. Nc3 Nc6 3. f4 g6 4. Bc4 Bg7 5. Nf3 e6 6. 0-0 Nge7 7. d3 d5 8. Bb3 0-0 9. Bd2 Rb8 10. a4 a6 11. Qe2 b5 12. axb5 axb5 13. Rae1 c4 14. Ba2 b4 15. Nd1 Ra8 16. Bb1 Ra1 17. exd5 cxd3 18. cxd3 Nxd5 19. Bc2 b3 20. Bxb3 Qb6+ 21. Nf2 Rxe1 22. Rxe1 Qxb3 23. Rc1 Nd4 24. Qd1 Qxd1+ 25. Nxd1 Nxf3+ 26. gxf3 0-1

[Event "Pan American-ch U12"]
[Site "Guayaquil"]
[Date "2019.07.24"]
[Round "5"]
[White "Zacarias Rodriguez, Santiago"]
[Black "Ticona Rocabado, Licael Roderick"]
[Result "1-0"]
[WhiteElo "1768"]
[BlackElo "1677"]
[PlyCount "84"]
[EventDate "2019.07.21"]
[EventType "swiss"]
[EventRounds "9"]
[EventCountry "ECU"]
[SourceTitle "EXT 2020"]
[Source "ChessBase"]
[SourceDate "2019.10.17"]
[SourceVersion "1"]
[SourceVersionDate "2019.10.17"]
[SourceQuality "1"]

1. e4 c5 2. Nf3 e6 3. c4 d6 4. Nc3 Nf6 5. Be2 Be7 6. d4 cxd4 7. Nxd4 0-0 8. 0-0 Nc6 9. Be3 a6 10. Rc1 Bd7 11. Qd2 Rc8 12. Rfd1 Nxd4 13. Bxd4 e5 14. Be3 Be6 15. b3 Qd7 16. f3 Ne8 17. Na4 Bd8 18. c5 f6 19. cxd6 Rxc1 20. Qxc1 Nxd6 21. Nc5 Qe7 22. Nxe6 Qxe6 23. Bc5 Nf7 24. Bxf8 Kxf8 25. Qc4 Qb6+ 26. Kh1 Qf2 27. Rf1 Qe3 28. Qd3 Qc5 29. Qd2 Qe7 30. Rd1 b5 31. a4 Qc5 32. axb5 axb5 33. Qd5 Qxd5 34. Rxd5 b4 35. Rb5 Be7 36. Bc4 Nd8 37. g3 Ke8 38. Kg2 Kd7 39. Ra5 Kc6 40. Ra7 Kd6 41. Bd5 Bf8 42. Kf1 f5 1-0